| 000 | 01227nam0a2200313 4500 | ||
|---|---|---|---|
| 001 | RU\NLR\bibl\1511155 | ||
| 005 | 20260405072448.0 | ||
| 010 |
_a978-5-9524-4773-8 _95000 |
||
| 021 |
_aRU _b2010-26682 _91796 |
||
| 035 | _a(NLR Aleph) 001502552 | ||
| 090 |
_a1798627 _c1798627 |
||
| 100 | _a20100517d2010 |||y0rusy50 ca | ||
| 101 | 0 | _arus | |
| 102 | _aRU | ||
| 105 | _aa zzzz||||| | ||
| 200 | 1 |
_aАртрит _eсвобода движений без операций _e[33 упражнения, заменяющие курс лечения _fП.В. Евдокименко] |
|
| 210 |
_aМосква _cЦентрполиграф _d2010 |
||
| 215 |
_a254 с. _cил. _d20 |
||
| 225 | 1 | _aМетодики доктора Евдокименко | |
| 300 | _aАвт. указан на обороте тит. л. | ||
| 320 | _aБиблиогр.: с. 244-246 | ||
| 606 | 1 |
_aАртриты _xЛечебная гимнастика _92597370 _3RU\NLR\auth\661534593 |
|
| 686 | _aР418.12-541.11 | ||
| 700 | 1 |
_4070 _8rus _7ca _aЕвдокименко _bП. В. _gПавел Валериевич _3RU\NLR\auth\7719168 _92241 |
|
| 801 | 0 |
_aRU _bNLR _c20100517 _gRCR |
|
| 801 | 1 |
_aRU _bNLR _c20100517 |
|
| 942 | _cBOOK | ||
| 980 | _aNB | ||